Trout and Salmon culture: Hatchery methods
Uloženo v:
| Hlavní autoři: | , |
|---|---|
| Médium: | Kniha |
| Jazyk: | angličtina |
| Vydáno: |
Oakland
The University of California
1980
|
| Témata: | |
| Tagy: |
Přidat tag
Žádné tagy, Buďte první, kdo vytvoří štítek k tomuto záznamu!
|
MARC
| LEADER | 00000nam a2200000 a 4500 | ||
|---|---|---|---|
| 001 | UCU8177 | ||
| 003 | CL-VaPUC | ||
| 008 | 960719e19800000US |||||||||||||||||eng|d | ||
| 082 | 0 | 4 | |a 639.375 |b LEI |2 21 |
| 100 | 0 | |a Leitritz, Earl |e author |9 367480 | |
| 700 | 0 | |a Lewis, Robert C |e author |9 367481 | |
| 245 | 1 | 0 | |a Trout and Salmon culture: Hatchery methods |
| 300 | |a 197 p | ||
| 942 | |c BK | ||
| 945 | |d 19960719 00:00:00 |a rbrito | ||
| 260 | |a Oakland |b The University of California |c 1980 | ||
| 650 | 0 | |a Acuicultura |9 258883 | |
| 650 | 7 | |a PISCICULTURA DE AGUA DULCE |2 CL-VaPUC |9 367482 | |
| 650 | 0 | |a Peces de agua dulce |9 261578 | |
| 650 | 7 | |a SALMONES |2 CL-VaPUC |9 367483 | |
| 650 | 7 | |a FISIOLOGIA |2 CL-VaPUC |9 367484 | |
| 650 | 0 | |a Nutrición |9 259434 | |
| 650 | 7 | |a TRUCHAS |2 CL-VaPUC |9 261157 | |
| 650 | 7 | |a ENFERMEDADES DE PECES |2 CL-VaPUC |9 367485 | |
| 650 | 0 | |a Condiciones de vida |9 337437 | |
| 583 | |a last modification |c 19960719 00:00:00 |k Rodrigo Vera | ||
| 999 | |c 250673 |d 250671 | ||
| 952 | |0 0 |1 0 |4 0 |6 639_375000000000000_LEI_1980 |7 0 |8 CCM |9 269082 |a BIBCUR |b BIBCUR |d 2019-11-19 |i 3212106 |o 639.375 LEI 1980 |p 3212106 |r 2025-04-22 |w 2019-11-19 |y BK_R |k CIM | ||